000 00952 a2200193 4500
003 Nust
005 20230504131830.0
020 _a0060665351
040 _cNust
082 _a635,PHI
100 _aJohn & Helen Philbrick
_9112118
245 _aGardening for health and nutrition :
_ban introduction to the method of Bio-Dynamic gardening /
_cJohn & Helen Philbrick
260 _aNew York
_bHarper & Row
_c1963
300 _a96 p
_billus
_c18 cm
505 _aThe Bio dynamic gardener (Page-17), Planning the vegetable garden (Page-20), The typical Bio dynamic garden raised beds (page-23), Seeds (Page-28), How much of each vegetable to plant tools (Page-31), Saving seeds (Page-83), Flowers (Page-85),The home orchard (Page-86), Most frequently asked questions (Page-88).
600 _aJohn & Helen Philbrick
_9112118
650 _aGardening for health and nutrition an introduction to the method of Bio-Dynamic gardening
_9112119
942 _2ddc
_cBK
999 _c184080
_d184080